MDQL
is popping MORE tags! Check the
thread
!
Quizzes
Events
Quiz Creation
Community
Videos
Private Events
Remove Ads
Sign In
Join for FREE
Feedback
Dark Mode
Quiz Categories
Sports
Geography
Music
Movies
Television
Just For Fun
Miscellaneous
History
Literature
Language
Science
Gaming
Entertainment
Religion
Holiday
For Kids
Quiz Lab
Recent
Popular Today
Quiz Kudos Today
Editor Picks
Curator Picks
Quizzes by...
Day
Popularity
Type
Ratings
Length
Year
Community
Subscriptions
Recent Discussions
Orange Saloon
Badges
Playlists
Quests
Create
Leaderboards
Showdown
Live 5
Trivia Bingo
Activity
Puzzle Library
Sporcle Events
Private Events
Virtual Trivia
Globe League
Become a Host
Pub Owners
SporcleCon
Opinionation
Our Games
Videos
Blog
Mobile Apps
Partnerships
Remove Ads and Go Orange
Feedback
Sports
Athletes
MLB
NBA
NHL
NFL
Soccer
Sports Teams
WWE
NCAA
Football
Premier League
Basketball
Baseball
Hockey
Golf
Tennis
Cricket
Rugby
Auto Racing
Olympics
World Cup
Sports
Athletes
MLB
NBA
NHL
NFL
Soccer
Sports Teams
WWE
NCAA
Football
Premier League
Basketball
Baseball
Hockey
Golf
Tennis
Cricket
Rugby
Auto Racing
Olympics
World Cup
Random Quiz
Search Sporcle
×
Quiz Lab
Quiz Lab
Sports
Super Bowl
Type in answers that appear in a list
Type in answers that appear in a list
Classic
Best Score? Go Orange.
Super Bowl Trivia Stats
Can you name the Super Bowl Trivia?
By
yankees21
8m
27 Questions
811 Plays
811 Plays
811 Plays
Comments
Comments
Give Quiz Kudos
Give Quiz Kudos
-
- Ratings
hide this ad
Replay
Link that replays current quiz
Next Quiz
Link to next quiz in quiz playlist
You Got
0%
They Got
Avg Score
49%
Avg Friend Score
Upgrade to see
Score Distribution
Jump to the score distribution portion of the page
Score
0/27
Timer
08:00
0
Plays Today
Question
Answer
% Correct
Most receiving TD's in a game...
Jerry Rice
77.7%
How Many Teams Have Not Won a Superbowl?...
10
74.7%
Other than the Bills, this team has lost four Superbowls and not won any...
Minnesota Vikings
72.4%
Team the Dolphins beat to complete their perfect season...
Washington Redskins
62.6%
Superbowl coach with most wins...
Chuck Noll
58.6%
Only player in NFL history to run back opening kickoff for TD...
Devin Hester
58.4%
Only NFC team that is 1-
0 in the Super Bowl...
Buccaneers
57%
Only Team in Superbowl History to record two safeties (separate games)...
Pittsburgh Steelers
55%
Also the name of a College Bowl game, site where the Jets won Superbowl 3...
Orange Bowl
53.9%
The most recent Superbowl MVP that is not a Steeler or a Manning...
Deion Branch
52.9%
The last defensive player to win the Superbowl MVP...
Dexter Jackson
51.8%
Most Superbowls coached...
Don Shula
51.7%
In career Superbowls, this team has given up over 200 points..
Denver Broncos
51.4%
QB with Highest Completion Percentage, Game (min 20 attempts)...
Phil Simms
50.8%
Question
Answer
% Correct
City of Superbowl I...
Los Angeles
50.2%
Superbowl Running Back with Most Career Yards Gained...
Franco Harris
49.9%
Player with most sacks in a game...
Reggie White and Darnell Dockett
49.4%
RB with longest run from scrimmage...
Willie Parker
46.9%
Longest reception in a Superbowl...
Muhsin Muhammad
46.6%
Most Consecutive Completions in a Superbowl...
Joe Montana
46.6%
MVP of the most recent Superbowl that was played in a dome...
Hines Ward
45.7%
In only one Superbowl there has been a kick return by each team. Name 1 of the 2 players that returned kicks
Jermaine Lewis and Ron Dixon
41.9%
College the Superbowl 43 MVP went to...
Ohio State
38%
Most Passes Had Intercepted in a Game...
Rich Gannon
37.6%
Panthers WR who tied the game at 29 in SB XXXVIII ...
Ricky Proehl
27.9%
Longest FG in a Superbowl...
Steve Christie
17.5%
Most Fumbles, Career...
Roger Staubach
15.3%
Quiz Playlist
Details
Report
Send in Message
Add To Playlist
Classic:
Type in answers that appear in a list
Last Updated: Jan 21, 2019
Quiz Scoreboard
CHALLENGE
Sign Up to Join the Scoreboard
Show All
Scores
Hide
Comments
May contain spoilers
Recently Published
Image Sorting: Flags VI
by Barbecue
Geography
2m
Find the 'City' Movie
by crazypaving
Movies
60s
Colored Red Africa Blitz
by spor1
Geography
45s
More to Explore
Quiz From the Vault
Featured Blog Post
14 Easter Pick-up Lines to Find Eggs With
hide this ad
You Might Also Like...
Tags
Bowl
statistic
Super Bowl
Today's Top Quizzes in Sports
Browse Sports
hide this ad
Today's Top Quizzes in Super Bowl
Browse Super Bowl
Top Contributed Quizzes in Sports
1
Les meilleurs buteurs des matchs entre le PSG et l’OM
2
Les entraîneurs de l'OM et du PSG au 21e siècle
3
2022 World Cup Stars
4
Les joueurs passés par le PSG et l'OM
5
Players with Multiple 50 Home Run Seasons
6
Criteria MLB: Left Handed Sluggers
7
FIFA Club World Cup Champions
8
Les joueurs passés par le LOSC et le RC Lens
9
NBA Logic Puzzle 2.0
10
Top 10 NHL Goal Scorers of All Time
Explore More
Trending Topics
Anime
Crossword
NBA
Harry Potter
Kpop
Marvel
Disney
Pokémon
Soccer
Song
NFL
Country
WWE
The Office
Puzzle
hide this ad
More By:
yankees21
Quiz
Plays
Rating
Category
Featured
Created
Super Bowl Trivia
811
3.60
Sports
Jan 12, 2010
Super Bowl Completion Percentage
263
1.50
Sports
Dec 29, 2009
Superbowl 42 Trivia
255
1.00
Sports
Dec 29, 2009
Superbowl Game Reception Leaders
230
5.00
Sports
Dec 29, 2009
Go to Creator's Profile
Score Distribution
Quiz Creator Spotlight
yankees21
Follow
Send a Message
Quizzes Created
-
Created Quiz Play Count
-
More By This Creator
Popular Quizzes Today
1
Colored Red Africa Blitz
2
Find the US States - No Outlines Minefield
3
Find the 'City' Movie
4
5x2 Blitz: Bands
5
The Countries of the World
6
Find the US States
7
Find the Countries of Europe - No Outlines Minefield
8
US States
More Sports Quizzes
Kansas City Chiefs Yearly Rushing Leaders
Quiz Lab
Trending Quizzes
Colored Red Europe Blitz I
Colored Red Europe Blitz II
Colored Red Africa Blitz II
Colored Red Europe Blitz III
Colored Red Africa Blitz III
Recently Updated
How Do You Spell That?
pecheneg
Godzilla Movies
pecheneg
Grab Bag: 4-10 Letters
pecheneg
2024 March Madness Bracket
pecheneg
Famous TV Couples
Peacemaker
Champions League XIs: Real Madrid
pecheneg
Largest US Cities 1790-2010
pecheneg
Rides in Walt Disney World
pecheneg
Most Oscar Losses (Acting)
pecheneg
Beyoncé Albums
pecheneg
Trending Topics
Disney
Marvel
Anime
Crossword
NBA
Harry Potter
Kpop
Song
NFL
The Office
Country
Pokémon
WWE
Puzzle
Soccer
Your Account Isn't Verified!
In order to create a playlist on Sporcle, you need to verify the email address you used during registration. Go to your
Sporcle Settings
to finish the process.
Report this User
Report this user for behavior that violates our
Community Guidelines
.
Details:
Send Report
Go to the Sporcle.com Mobile Site →
Comments